000 01606nam0a22002651 4500
001 rc\4958074
005 20260412042450.0
021 _aRU
_bРг1642-74
021 _aRU
_b74-РК-153/1
035 _a(NLR Aleph) 008861195
090 _a8462254
_c8462254
100 _a20130426d1965 |||y0rusy50 ca
101 0 _arus
102 _aRU
105 _ay z |||||
200 1 _aТезисы докладов на всесоюзном научно-техническом совещании "Развитие научно-исследовательских работ в области акрилатов для производства органического стекла, полиэфиракрилатов и акрилатных эмульсий"
_fГос. ком. хим. пром-сти при Госплане СССР. Волго-Вят. совет нар. хоз-ва. Всесоюз. хим. о-во им. Д.И. Менделеева. Горьк. обл. правл. Всесоюз. хим. о-ва им. Д.И. Менделеева
210 _aДзержинск
_cБ. и.
_d1965
215 _a[1], 63 л.
_d20
710 1 2 _a"Развитие научно-исследовательских работ в области акрилатов, полиэфиракрилатов и акрилатных эмульсий", всесоюзное научно-техническое совещание
_eДзержинск
_f1965
_9646166
_3RU\NLR\AUTH\8810072065
801 0 _aRU
_bNLR
_gpsbo
801 1 _aRU
_bELAR
_2rusmarc
852 _aNLR
_j65-4/20497
942 _cBOOK
980 _aNB